000 004700000a22001930004500
999 _c48264
_d48264
001 1088
003 CO-MdFUSB
005 20170717174325.0
008 170717b xxu||||| |||| 00| 0 eng d
020 _a958-04-6523-1
040 _cCO-MdBIC
082 0 4 _a863C F854vh
100 1 _aBourgeois, Paulette
245 1 0 _aFranklin va al hospital / Paulette Bourgeois
260 _aBogotá : Norma
300 _a[ 32 P. ]
650 1 4 _aLiteratura infantil
942 _cLGB